000 00681nam a2200265Ia 4500
005 20260121170348.0
008 008 260114s9999 xx 000 0 eng d
020 _a9789811081118
037 _aEBOOK
040 _aCRL
040 _beng
040 _cCRL
041 _2eng
041 _aeng
084 _qCRL
100 _aJianhua Tao, Thomas Fang Zheng, Changchun Bao, Dong Wang, Ya Li
_91062956
245 0 _aMan-Machine Speech Communication
260 _bSpringer
260 _bSpringer
260 _c2018
856 _uhttps://link.springer.com/openurl?genre=book&isbn=978-981-10-8111-8
942 _cEBOOK
999 _c1628685
_d1628685